00573nam a22001697a 450000500170000001000150001702000260003203500130005803700130007108200120008410000160009624501070011226000320021927000780025130000240032950000500035320150811123540.0 aENG-113636 a9781138020160c850.00 aEN-97168 bDBAD/PUB a954.035 aHilal Ahmed aMuslim political discourse in postcolonial India :cby Hilal Ahmedbmonuments, memory, contestation / aNew DelhibRoutledge c2014 a912 Tolstoy House, 15-17 Tolstoy Marg, Connaught PlacebNew Delhie110001 axvi,328p.c23cm(Hb) aIncludes bibliographical references and index